00373nam a22001217a 450000500170000000800410001704100080005808200080006610000620007424500780013626000290021430000080024320240812162848.0240812b |||||||| |||| 00| 0 eng d aeng bKAL aKale Mohini - 2K221172 & Prof. Priyanka Potdar – Guide  aE-Recruitment Opportunity and Challenges in Nevam HR consultant Pvt. Ltd. aPune bSPPU cMarch-2024 a63p